000 00555nam a2200181 i 4500
001 98110
003 ES-MaACL
005 20250520202306.0
007 t|
008 050726s1982 sp ||||1| spa d
100 1 _aMarshall, Geoffrey.
_977132
245 1 0 _aTeoría constitucional /
_cGeoffrey Marshall; traducción y prólogo por Ramón García Cotarelo.
260 _aMadrid :
_bEspasa-Calpe,
_c1982.
300 _a291 p. ;
_c21 cm.
700 1 _aCotarelo, Ramón,
_d1943-
_941166
852 _aES-MaACL
_jL-4296
_bR.104420
999 _c98110
_d98110